|
|
|
|
| LEADER |
01180nam a2200289 a 4500 |
| 001 |
28278 |
| 003 |
BD-DhAAL |
| 005 |
20141119094658.0 |
| 008 |
141119s1999 njua b 001 0 eng |
| 010 |
|
|
|a 98045072
|
| 020 |
|
|
|a 0139238972
|
| 040 |
|
|
|a DLC
|c DLC
|d DLC
|d BD-DhAAL
|
| 041 |
|
|
|a eng
|
| 050 |
0 |
0 |
|a D20
|b .S827 1999
|
| 082 |
0 |
0 |
|a 909
|2 21
|
| 100 |
1 |
|
|a Stavrianos, Leften Stavros.
|9 6073
|
| 245 |
1 |
2 |
|a A global history :
|b from prehistory to the 21st century /
|c L.S. Stavrianos.
|
| 250 |
|
|
|a 7th ed.
|
| 260 |
|
|
|a Upper Saddle River, N.J. :
|b Prentice Hall,
|c c1999.
|
| 300 |
|
|
|a xxxii, 672, 8, 24 p. ;
|b ill. ;
|c 27 cm.
|
| 504 |
|
|
|a Includes bibliographical references and index.
|
| 541 |
|
|
|e 28278
|
| 650 |
|
0 |
|a World history.
|9 6004
|
| 942 |
|
|
|2 ddc
|c BK
|
| 999 |
|
|
|c 33077
|d 33077
|
| 952 |
|
|
|0 0
|1 0
|2 ddc
|4 0
|6 909_000000000000000_STA
|7 0
|9 44103
|a BRACUL
|b BRACUL
|c GEN
|d 2014-11-19
|e Karim International
|g 14900.00
|l 5
|m 11
|o 909 STA
|p 3010028278
|r 2024-10-26
|s 2024-09-29
|t 1
|w 2014-11-19
|y BK
|
| 952 |
|
|
|0 0
|1 0
|2 ddc
|4 0
|6 909_000000000000000_STA
|7 0
|9 44104
|a BRACUL
|b BRACUL
|c GEN
|d 2014-11-19
|e Karim International
|g 14900.00
|l 4
|m 45
|o 909 STA
|p 3010028279
|r 2018-12-12
|s 2018-11-05
|t 2
|w 2014-11-19
|y BK
|